000 01279 am a2200325ui 4500
001 008079549
003 EG-ScBUE
005 20241106101550.0
008 790907s1977 nyua f b 001 0 eng d
020 _a0486635449 (pbk) :
020 _a9780486635446
040 _aEG-ScBUE
_beng
_erda
_cEG-ScBUE
_dEG-ScBUE
082 0 4 _a519.2
_222
_bROZ
100 1 _aRozanov, Iu. A.
_931661
245 1 0 _aProbability theory :
_ba Concise Course /
_cY.A. Rozanov ; translated and edited by Richard A. Silverman.
250 _aRevised English edition.
264 1 _aNew York :
_bDover Publications,
_c1977.
300 _aix,148 pages :
_billustrations ;
_c21 cm
336 _2rdacontent
_atext
_btxt
337 _aunmediated
_2rdamedia
_bn
338 _avolume
_bnc
_2rdacarrier
500 _a'... many [problems] accompanied by hints and answers' - Editor's preface.
500 _aThis ed. originally published: as 'Introductory probability theory' Englewood Cliffs ; London : Prentice-Hall, 1969.
500 _aIncludes bibliographical references and index.
546 _aText in English ; translated from the original Russian.
650 7 _aProbabilities.
_2BUEsh
_931662
655 _vReading book
700 1 _aSilverman, Richard A.,
_etranslator.
_931663
942 _2ddc
_cBB
999 _c17128
_d17100